000
00286nam a22001217a 4500
082
_a
823
_b
BLY/F
100
_a
BLYTON, ENID
245
_a
FAMOUS FIVE GO ON ADVENTURING AGAIN
260
_a
UNITED KINGDOM
_b
HODDER
_c
2001
300
_a
246
650
_a
ENGLISH STORY
_z
SINGAPORE
942
_c
BK
999
_c
7235
_d
7235